[Event "Athens op 08"]
[Site "Athens"]
[Date "2012.08.06"]
[Round "5"]
[White "Sideris, Theodoros"]
[Black "Koliopoulos, Konstantinos"]
[Result "1-0"]
[WhiteElo "1972"]
[BlackElo "2243"]
[PlyCount "63"]
[EventDate "2012.07.30"]
[EventType "swiss"]
[EventRounds "7"]
[EventCountry "GRE"]
[SourceTitle "EXT 2014"]
[Source "ChessBase"]
[SourceDate "2013.11.20"]
[SourceVersion "1"]
[SourceVersionDate "2013.11.20"]
[SourceQuality "1"]

1. e4 e5 2. Nf3 Nf6 3. d4 Nxe4 4. Bd3 d5 5. Nxe5 Bd6 6. 0-0 Nd7 7. f3 Nxe5 8. fxe4 dxe4 9. Bxe4 Qh4 10. Qe1 Qxh2+ 11. Kxh2 Nf3+ 12. Kh1 Nxe1 13. Rxe1 0-0 14. Nc3 c6 15. Rf1 Bg4 16. Bf3 Be6 17. Ne4 Be7 18. Nc5 b6 19. Nxe6 fxe6 20. Bd2 Bf6 21. Bxc6 Rac8 22. Bd7 Rxc2 23. Bxe6+ Kh8 24. Bc3 Rd8 25. Bb3 Re2 26. Rae1 Rxe1 27. Rxe1 h6 28. d5 Bxc3 29. bxc3 Rd7 30. c4 Kg8 31. Ba4 Rc7 32. d6 1-0

[Event "Athens op 08"]
[Site "Athens"]
[Date "2012.08.01"]
[Round "3"]
[White "Kakadelis, Stratos"]
[Black "Koliopoulos, Konstantinos"]
[Result "1/2-1/2"]
[WhiteElo "2007"]
[BlackElo "2243"]
[PlyCount "46"]
[EventDate "2012.07.30"]
[EventType "swiss"]
[EventRounds "7"]
[EventCountry "GRE"]
[SourceTitle "EXT 2014"]
[Source "ChessBase"]
[SourceDate "2013.11.20"]
[SourceVersion "1"]
[SourceVersionDate "2013.11.20"]
[SourceQuality "1"]

1. b3 e5 2. Bb2 Nc6 3. c4 Nf6 4. Nc3 g6 5. g3 Bg7 6. Bg2 0-0 7. h4 Re8 8. Nd5 Ne7 9. Nxf6+ Bxf6 10. Nf3 Nf5 11. d4 e4 12. Ne5 e3 13. h5 d6 14. Ng4 Bg7 15. hxg6 hxg6 16. Nxe3 Nxe3 17. fxe3 Rxe3 18. Bf3 Qf6 19. Kf2 Re7 20. Rb1 Bf5 21. d5 Qg5 22. Bc1 Qf6 23. Bb2 Qg5 1/2-1/2

[Event "Heraklio op 15th"]
[Site "Athens"]
[Date "2012.06.16"]
[Round "8"]
[White "Ignatiadis, Konstantinos"]
[Black "Koliopoulos, Konstantinos"]
[Result "1/2-1/2"]
[WhiteElo "2141"]
[BlackElo "2237"]
[PlyCount "64"]
[EventDate "2012.06.09"]
[EventType "swiss"]
[EventRounds "9"]
[EventCountry "GRE"]
[SourceTitle "CBM 148 Extra"]
[Source "ChessBase"]
[SourceDate "2012.06.22"]
[SourceVersion "1"]
[SourceVersionDate "2012.06.22"]
[SourceQuality "1"]

1. d4 d5 2. c4 dxc4 3. Nf3 Nf6 4. Nc3 a6 5. a4 Nc6 6. e4 Bg4 7. Be3 Bxf3 8. gxf3 e5 9. d5 Na5 10. f4 Nd7 11. fxe5 Nxe5 12. Qh5 Bd6 13. f4 Ng6 14. e5 Bb4 15. Rd1 Qe7 16. Bh3 Bc5 17. d6 cxd6 18. Bxc5 Nxf4 19. Bxd6 Qxd6 20. exd6 Nxh5 21. Ne4 0-0 22. Bg4 Nf6 23. Nxf6+ gxf6 24. d7 Nc6 25. Bf3 Rfd8 26. 0-0 Rab8 27. Bxc6 bxc6 28. Rxf6 Kf8 29. Rxc6 Rxb2 30. Rxc4 Rb7 31. Rc6 Ra7 32. Rh6 Rdxd7 1/2-1/2

[Event "GRE-chT 39th"]
[Site "Eretria"]
[Date "2011.07.08"]
[Round "7.13"]
[White "Koliopoulos, Konstantinos"]
[Black "Bartel, Mateusz"]
[Result "0-1"]
[WhiteElo "2262"]
[BlackElo "2611"]
[PlyCount "64"]
[EventDate "2011.07.03"]
[EventType "team-swiss"]
[EventRounds "7"]
[EventCountry "GRE"]
[SourceTitle "CBM 143 Extra"]
[Source "ChessBase"]
[SourceDate "2011.08.29"]
[SourceVersion "1"]
[SourceVersionDate "2011.08.29"]
[SourceQuality "1"]
[WhiteTeam "Glyfadas Zenon"]
[BlackTeam "Gazi Chess Academy"]
[WhiteTeamCountry "GRE"]
[BlackTeamCountry "GRE"]

1. Nf3 f5 2. c4 g6 3. g3 Bg7 4. Nc3 e5 5. d3 d6 6. Bg2 Nf6 7. 0-0 0-0 8. Rb1 h6 9. Nd5 Nbd7 10. b4 c6 11. Nxf6+ Nxf6 12. b5 c5 13. Ne1 Rf7 14. Nc2 Be6 15. Ne3 f4 16. Nd5 Nxd5 17. Bxd5 Bxd5 18. cxd5 Qd7 19. Kg2 f3+ 20. exf3 Raf8 21. f4 exf4 22. Bxf4 Rxf4 23. gxf4 Rxf4 24. Qe2 Be5 25. h3 Qf7 26. f3 Qxd5 27. Qc2 Kg7 28. Qb3 Qd4 29. Rbe1 d5 30. Qa3 Rf7 31. Qxa7 Bd6 32. Qb6 Qf4 0-1

[Event "Athens Kaissa op 1st"]
[Site "Athens"]
[Date "2009.09.24"]
[Round "4.3"]
[White "Savoglou, Nikolaos"]
[Black "Koliopoulos, Konstantinos"]
[Result "0-1"]
[WhiteElo "1950"]
[BlackElo "2195"]
[PlyCount "90"]
[EventDate "2009.09.13"]
[EventType "swiss"]
[EventRounds "7"]
[EventCountry "GRE"]
[SourceTitle "EXT 2024"]
[Source "ChessBase"]
[SourceDate "2023.10.10"]
[SourceVersion "1"]
[SourceVersionDate "2023.10.10"]
[SourceQuality "1"]

1. d4 Nf6 2. c4 e6 3. g3 Bb4+ 4. Bd2 a5 5. Nf3 0-0 6. Nc3 b6 7. Bg2 Bb7 8. 0-0 Bxc3 9. Bxc3 Ne4 10. Rc1 f5 11. d5 Nxc3 12. Rxc3 Qf6 13. Qd4 Na6 14. dxe6 dxe6 15. Qxf6 gxf6 16. Rd1 Rad8 17. Rcd3 Rxd3 18. Rxd3 Nc5 19. Rd1 Kf7 20. Ne1 Bxg2 21. Kxg2 Ke7 22. Kf3 e5 23. Nc2 a4 24. Ne3 Ke6 25. Nd5 c6 26. Nc3 Rg8 27. h3 Ra8 28. e4 fxe4+ 29. Nxe4 Nxe4 30. Kxe4 f5+ 31. Ke3 Rf8 32. f4 Rg8 33. Kf3 e4+ 34. Kf2 h5 35. Rd4 e3+ 36. Kxe3 Rxg3+ 37. Kf2 Rxh3 38. Kg2 Re3 39. b3 axb3 40. axb3 Rxb3 41. Rd8 Rb4 42. c5 bxc5 43. Re8+ Kd7 44. Re5 Rxf4 45. Rxc5 Kd6 0-1

[Event "Athens Kaissa op 1st"]
[Site "Athens"]
[Date "2009.09.20"]
[Round "3.5"]
[White "Koliopoulos, Konstantinos"]
[Black "Mouratidis, Haralambos"]
[Result "1-0"]
[WhiteElo "2195"]
[BlackElo "1843"]
[PlyCount "85"]
[EventDate "2009.09.13"]
[EventType "swiss"]
[EventRounds "7"]
[EventCountry "GRE"]
[SourceTitle "EXT 2024"]
[Source "ChessBase"]
[SourceDate "2023.10.10"]
[SourceVersion "1"]
[SourceVersionDate "2023.10.10"]
[SourceQuality "1"]

1. d4 d5 2. c4 c6 3. Nc3 e6 4. e3 Nf6 5. Nf3 Nbd7 6. Qc2 Be7 7. b3 a6 8. Bb2 b5 9. Bd3 Bb7 10. 0-0 Rc8 11. e4 b4 12. e5 bxc3 13. exf6 Bxf6 14. Bxc3 c5 15. Rad1 dxc4 16. Bxc4 Bxf3 17. gxf3 Bxd4 18. Bxd4 Qg5+ 19. Kh1 cxd4 20. Qe4 0-0 21. Rxd4 Nf6 22. Qd3 a5 23. Rg1 Qe5 24. Qd2 Kh8 25. Rg5 Qc7 26. Rxg7 Rg8 27. Rxg8+ Rxg8 28. Qf4 Qxf4 29. Rxf4 Kg7 30. Rd4 Rc8 31. Kg2 Kf8 32. Rd6 Ke7 33. Ra6 Rc5 34. Ra7+ Kf8 35. h4 Nd5 36. a4 Nc3 37. Bb5 Nd1 38. Rxa5 Rc2 39. Ra8+ Ke7 40. Re8+ Kf6 41. Rh8 Rxf2+ 42. Kg3 Kg7 43. Rd8 1-0

[Event "Athens Filadelfia CC Spring op"]
[Site "Athens"]
[Date "2009.04.28"]
[Round "4.2"]
[White "Koliopoulos, Konstantinos"]
[Black "Tassopoulos, Marios"]
[Result "1/2-1/2"]
[WhiteElo "2221"]
[BlackElo "2310"]
[PlyCount "92"]
[EventDate "2009.04.07"]
[EventType "swiss"]
[EventRounds "10"]
[EventCountry "GRE"]
[SourceTitle "EXT 2024"]
[Source "ChessBase"]
[SourceDate "2023.10.10"]
[SourceVersion "1"]
[SourceVersionDate "2023.10.10"]
[SourceQuality "1"]

1. c4 e5 2. g3 Nf6 3. Bg2 Nc6 4. Nc3 Bc5 5. e3 0-0 6. Nge2 Re8 7. 0-0 Bf8 8. d4 exd4 9. Nxd4 Nxd4 10. Qxd4 d6 11. b3 c6 12. Bb2 Bg4 13. Ne4 Nxe4 14. Bxe4 Qg5 15. Bg2 Qh5 16. f3 Bh3 17. Bxh3 Qxh3 18. Rad1 Re6 19. Rd3 b6 20. Qf4 Rae8 21. e4 Rg6 22. Qd2 f5 23. exf5 Qxf5 24. Re3 Rxe3 25. Qxe3 Re6 26. Qd2 d5 27. cxd5 Bc5+ 28. Kg2 Qxd5 29. Rd1 Re3 30. Qxe3 Bxe3 31. Rxd5 cxd5 32. f4 Kf7 33. Kf3 Bg1 34. h3 g6 35. g4 Ke6 36. Be5 h5 37. a4 a6 38. Bb8 b5 39. axb5 axb5 40. Bc7 hxg4+ 41. hxg4 Bc5 42. Ke2 Ba7 43. Kd3 Bc5 44. Bb8 Bb6 45. Kc3 Ba5+ 46. Kd4 Bb6+ 1/2-1/2

[Event "Athens Egaleo op 7th"]
[Site "Athens"]
[Date "2008.01.19"]
[Round "3.1"]
[White "Aggelis, Nikolaos"]
[Black "Koliopoulos, Konstantinos"]
[Result "1/2-1/2"]
[WhiteElo "2158"]
[BlackElo "2219"]
[PlyCount "34"]
[EventDate "2008.01.12"]
[EventType "swiss"]
[EventRounds "7"]
[EventCountry "GRE"]
[SourceTitle "EXT 2024"]
[Source "ChessBase"]
[SourceDate "2023.10.10"]
[SourceVersion "1"]
[SourceVersionDate "2023.10.10"]
[SourceQuality "1"]

1. Nf3 Nf6 2. g3 g6 3. Bg2 Bg7 4. 0-0 0-0 5. d4 d6 6. Re1 Nbd7 7. e4 e5 8. Nc3 c6 9. a4 Qc7 10. h3 b6 11. Be3 Bb7 12. Qd2 Rfe8 13. Rad1 a6 14. dxe5 dxe5 15. Bh6 b5 16. Bxg7 Kxg7 17. g4 Rad8 1/2-1/2

[Event "Nea Filadelfia CC Autumn"]
[Site "Nea Filadelfia"]
[Date "2007.10.20"]
[Round "4.6"]
[White "Koliopoulos, Konstantinos"]
[Black "Tassopoulos, Marios"]
[Result "0-1"]
[WhiteElo "2203"]
[BlackElo "2220"]
[PlyCount "108"]
[EventDate "2007.10.11"]
[EventType "tourn"]
[EventRounds "11"]
[EventCountry "GRE"]
[SourceTitle "EXT 2024"]
[Source "ChessBase"]
[SourceDate "2023.10.10"]
[SourceVersion "1"]
[SourceVersionDate "2023.10.10"]
[SourceQuality "1"]

1. d4 d5 2. c4 dxc4 3. Nf3 Nf6 4. e3 e6 5. Bxc4 c5 6. 0-0 a6 7. Bb3 b5 8. Qe2 Bb7 9. Rd1 Nbd7 10. Nc3 Qb6 11. e4 cxd4 12. Nd5 exd5 13. exd5+ Be7 14. Rxd4 0-0 15. Qxe7 Rfe8 16. Qb4 a5 17. Qd2 Ne5 18. Qd1 Nxf3+ 19. gxf3 a4 20. Bc2 Re1+ 21. Qxe1 Qxd4 22. Be4 Bxd5 23. Be3 Qxb2 24. Bxd5 Nxd5 25. Rb1 Qxa2 26. Rxb5 Nxe3 27. Qxe3 h6 28. Qe4 Rd8 29. Ra5 a3 30. Kg2 Qb2 31. Ra7 Qb3 32. Qe7 Rd4 33. Ra8+ Kh7 34. Rxa3 Qd5 35. Re3 Rg4+ 36. Kf1 Qd1+ 37. Re1 Qxf3 38. Re3 Qd1+ 39. Re1 Qd3+ 40. Re2 Qh3+ 41. Ke1 Rf4 42. Qc7 Qxh2 43. Qc2+ g6 44. Qc5 Qh1+ 45. Kd2 Rf5 46. Qf8 Qd5+ 47. Ke1 Rh5 48. Re8 Rh1+ 49. Ke2 Qd1+ 50. Ke3 Rh3+ 51. Ke4 Qe2+ 52. Kd5 Rd3+ 53. Kc6 Qc2+ 54. Kb7 Rb3+ 0-1

[Event "Nea Filadelfia CC Autumn"]
[Site "Nea Filadelfia"]
[Date "2007.10.11"]
[Round "1.2"]
[White "Koliopoulos, Konstantinos"]
[Black "Delithanasis, Dimitrios"]
[Result "0-1"]
[WhiteElo "2203"]
[BlackElo "2204"]
[PlyCount "74"]
[EventDate "2007.10.11"]
[EventType "tourn"]
[EventRounds "11"]
[EventCountry "GRE"]
[SourceTitle "EXT 2024"]
[Source "ChessBase"]
[SourceDate "2023.10.10"]
[SourceVersion "1"]
[SourceVersionDate "2023.10.10"]
[SourceQuality "1"]

1. d4 d5 2. c4 dxc4 3. Nf3 a6 4. e3 b5 5. a4 Bb7 6. axb5 axb5 7. Rxa8 Bxa8 8. b3 Nf6 9. bxc4 bxc4 10. Bxc4 e6 11. 0-0 Nbd7 12. Nc3 Be7 13. Qe2 Ne4 14. Nxe4 Bxe4 15. Nd2 Bg6 16. Nb3 0-0 17. Rd1 Qa8 18. Bb2 Rb8 19. f3 Rb4 20. Bc3 Ra4 21. Rd2 Nb6 22. Bb5 Ra3 23. Rb2 c6 24. Ba5 Nd5 25. Ba6 Nxe3 26. Qxe3 Qxa6 27. Qc3 Qb5 28. Bc7 h5 29. Be5 f6 30. Bf4 Bf7 31. Qc2 Qd5 32. Bg3 e5 33. Nc1 Qxd4+ 34. Bf2 Qc3 35. Rb8+ Bf8 36. Qxc3 Rxc3 37. Ne2 Rc2 0-1

[Event "Ambelokipi op 80th"]
[Site "Athens"]
[Date "2007.09.22"]
[Round "5"]
[White "Anastasopoulos, Spyros"]
[Black "Koliopoulos, Konstantinos"]
[Result "1/2-1/2"]
[WhiteElo "2103"]
[BlackElo "2203"]
[PlyCount "54"]
[EventDate "2007.09.08"]
[EventType "swiss"]
[EventRounds "7"]
[EventCountry "GRE"]
[SourceTitle "EXT 2008"]
[Source "ChessBase"]
[SourceDate "2007.11.25"]
[SourceVersion "1"]
[SourceVersionDate "2007.11.25"]
[SourceQuality "1"]

1. d4 Nf6 2. c4 g6 3. Nc3 Bg7 4. e4 d6 5. Nf3 0-0 6. Be2 e5 7. d5 Na6 8. Bg5 h6 9. Bh4 g5 10. Bg3 Nxe4 11. Nxe4 f5 12. Nc3 f4 13. Nd2 fxg3 14. hxg3 Bf5 15. Nde4 Nc5 16. Bd3 Bxe4 17. Nxe4 Nxe4 18. Bxe4 Qf6 19. Qc2 b6 20. g4 a5 21. Qe2 Rad8 22. Rc1 Qf4 23. Rc3 Qf6 24. Rhh3 Qe7 25. Rhf3 Rxf3 26. Rxf3 Rf8 27. Rxf8+ Kxf8 1/2-1/2

[Event "Athens Acropolis op"]
[Site "Athens"]
[Date "2006.08.17"]
[Round "5"]
[White "Tassopoulos, Marios"]
[Black "Koliopoulos, Konstantinos"]
[Result "1/2-1/2"]
[WhiteElo "2270"]
[BlackElo "2204"]
[PlyCount "40"]
[EventDate "2006.08.13"]
[EventType "swiss"]
[EventRounds "9"]
[EventCountry "GRE"]
[SourceTitle "CBM 113 Extra"]
[Source "ChessBase"]
[SourceDate "2006.09.14"]
[SourceVersion "1"]
[SourceVersionDate "2006.09.14"]
[SourceQuality "1"]

1. d4 Nf6 2. Nf3 e6 3. c4 b6 4. g3 Ba6 5. Qc2 c5 6. Bg2 Bb7 7. 0-0 cxd4 8. Nxd4 Bxg2 9. Kxg2 Nc6 10. Nxc6 dxc6 11. Rd1 Qc7 12. Nc3 Be7 13. b3 0-0 14. Ne4 Nxe4 15. Qxe4 Rad8 16. Bf4 Qb7 17. Be5 Rxd1 18. Rxd1 Rd8 19. Rxd8+ Bxd8 20. Qg4 g6 1/2-1/2

[Event "Athens Acropolis op"]
[Site "Athens"]
[Date "2005.03.10"]
[Round "5"]
[White "Koliopoulos, Konstantinos"]
[Black "Gogolis, Alexandros"]
[Result "1-0"]
[WhiteElo "2147"]
[BlackElo "2243"]
[PlyCount "117"]
[EventDate "2005.03.06"]
[EventType "swiss"]
[EventRounds "9"]
[EventCountry "GRE"]
[SourceTitle "CBM 105 Extra"]
[Source "ChessBase"]
[SourceDate "2005.05.01"]
[SourceVersion "1"]
[SourceVersionDate "2005.05.01"]
[SourceQuality "1"]

1. d4 d5 2. c4 c6 3. Nf3 Nf6 4. Nc3 a6 5. a4 e6 6. Bg5 Be7 7. e3 Nbd7 8. a5 0-0 9. Qb3 c5 10. cxd5 Nxd5 11. Bxe7 Nxe7 12. Bc4 Nc6 13. Qa4 cxd4 14. exd4 Nf6 15. Ne2 Bd7 16. Qa2 Rc8 17. b3 Nb4 18. Qd2 Qe7 19. 0-0 Bc6 20. Ne5 Rfd8 21. f4 g6 22. f5 gxf5 23. Rxf5 exf5 24. Bxf7+ Kg7 25. Qg5+ Kh8 26. Qh6 Rg8 27. Nf4 Rxg2+ 28. Nxg2 Rg8 29. Bxg8 Kxg8 30. Qg5+ Qg7 31. Qxg7+ Kxg7 32. Ne3 Be4 33. Rf1 Nc2 34. Nxc2 Bxc2 35. Rc1 Be4 36. Rc7+ Kh6 37. Nf7+ Kg6 38. Nd6 Bd5 39. b4 f4 40. Nxb7 f3 41. Nc5 Kf5 42. h3 Kf4 43. Kf2 h5 44. Rc8 h4 45. Rf8 Kg5 46. Rxf6 Kxf6 47. Nxa6 Ke7 48. Nc7 Be4 49. Nb5 Kd7 50. Nc3 Bf5 51. Kxf3 Bxh3 52. d5 Kd6 53. a6 Bc8 54. a7 Bb7 55. Kg4 Kc7 56. Kxh4 Kb6 57. Kg5 Kxa7 58. Kf6 Kb6 59. d6 1-0

[Event "Athens Acropolis op"]
[Site "Athens"]
[Date "2004.11.21"]
[Round "6"]
[White "Klokas, Konstantinos"]
[Black "Koliopoulos, Konstantinos"]
[Result "1-0"]
[WhiteElo "2221"]
[BlackElo "2149"]
[PlyCount "83"]
[EventDate "2004.11.16"]
[EventType "swiss"]
[EventRounds "9"]
[EventCountry "GRE"]
[SourceTitle "CBM 103 Extra"]
[Source "ChessBase"]
[SourceDate "2005.01.01"]
[SourceVersion "1"]
[SourceVersionDate "2005.01.01"]
[SourceQuality "1"]

1. c4 Nf6 2. Nc3 c6 3. e4 d5 4. cxd5 cxd5 5. e5 d4 6. exf6 dxc3 7. bxc3 gxf6 8. d4 Nc6 9. Qf3 Qd6 10. Bd3 Bd7 11. Ne2 Rc8 12. 0-0 Na5 13. Re1 Qe6 14. d5 Qg4 15. Qe3 b6 16. f3 Qg7 17. Ba3 e5 18. dxe6 fxe6 19. Bxf8 Kxf8 20. Nf4 Rg8 21. Re2 e5 22. Nh5 Qf7 23. Qh6+ Ke7 24. Rd1 Rg5 25. Ng3 Be6 26. f4 Rxg3 27. hxg3 Bg4 28. Bb5 a6 29. fxe5 Qg6 30. exf6+ Kf7 31. Re7+ Kxf6 32. Rd6+ Kxe7 33. Rxg6 hxg6 34. Qg5+ Kf7 35. Qxg4 Rxc3 36. Qd7+ Kg8 37. Qe8+ Kh7 38. Qf7+ Kh6 39. Qf4+ Kh7 40. Be8 Rc8 41. Qf7+ Kh8 42. Qf6+ 1-0

[Event "Athens Acropolis op"]
[Site "Athens"]
[Date "2004.11.20"]
[Round "5"]
[White "Koliopoulos, Konstantinos"]
[Black "Skaperdas, Kostantinos"]
[Result "0-1"]
[WhiteElo "2149"]
[BlackElo "2224"]
[PlyCount "130"]
[EventDate "2004.11.16"]
[EventType "swiss"]
[EventRounds "9"]
[EventCountry "GRE"]
[SourceTitle "CBM 103 Extra"]
[Source "ChessBase"]
[SourceDate "2005.01.01"]
[SourceVersion "1"]
[SourceVersionDate "2005.01.01"]
[SourceQuality "1"]

1. d4 d5 2. c4 c6 3. Nf3 Nf6 4. Nc3 a6 5. a4 e6 6. Qb3 dxc4 7. Qxc4 b5 8. Qd3 Bb7 9. Bg5 Be7 10. e3 Nbd7 11. Be2 Rc8 12. 0-0 0-0 13. Rfc1 b4 14. Bxf6 gxf6 15. Ne4 c5 16. a5 Kh8 17. Nfd2 Rg8 18. Bf1 f5 19. Ng3 Bf6 20. Nc4 Qe7 21. d5 Ne5 22. Qd2 Bxd5 23. Nxe5 Bxe5 24. f4 Bf6 25. Bxa6 Rcd8 26. Qc2 Qa7 27. Qe2 Bh4 28. Bc4 Ba8 29. b3 Qe7 30. Qf2 Rg7 31. Be2 Rdg8 32. Bf3 Bxf3 33. Qxf3 Bxg3 34. hxg3 Rxg3 35. Qf2 Qa7 36. Qb2+ R3g7 37. Rc2 c4 38. bxc4 Qxe3+ 39. Rf2 h5 40. a6 Kh7 41. Kf1 Rg4 42. Qf6 Qa7 43. c5 h4 44. Ke2 R8g6 45. Qd4 e5 46. Qxb4 Rxa6 47. Rxa6 Qxa6+ 48. Ke1 Qa1+ 49. Ke2 exf4 50. Qb5 f3+ 51. gxf3 Qe5+ 52. Kf1 Rd4 53. Qb3 Rd7 54. c6 Re7 55. Qc4 Qg3 56. Qd3 Qh3+ 57. Rg2 f6 58. Kf2 Kh6 59. Qd8 Re2+ 60. Kxe2 Qxg2+ 61. Ke3 Qg1+ 62. Ke2 Qg2+ 63. Ke3 f4+ 64. Kd3 Qxf3+ 65. Kd4 Qd1+ 0-1

[Event "Athens Acropolis op"]
[Site "Athens"]
[Date "2004.11.16"]
[Round "1"]
[White "Miezis, Normunds"]
[Black "Koliopoulos, Konstantinos"]
[Result "1-0"]
[WhiteElo "2524"]
[BlackElo "2149"]
[PlyCount "73"]
[EventDate "2004.11.16"]
[EventType "swiss"]
[EventRounds "9"]
[EventCountry "GRE"]
[SourceTitle "CBM 103 Extra"]
[Source "ChessBase"]
[SourceDate "2005.01.01"]
[SourceVersion "1"]
[SourceVersionDate "2005.01.01"]
[SourceQuality "1"]

1. c4 Nf6 2. Nc3 c6 3. e4 e5 4. Nf3 d6 5. d4 Nbd7 6. g3 g6 7. Bg2 Bg7 8. 0-0 0-0 9. h3 Ne8 10. Re1 Qe7 11. Be3 Nc7 12. Qd2 exd4 13. Nxd4 Ne5 14. Qe2 c5 15. Nb3 Be6 16. Nd2 Nc6 17. Rac1 Qd7 18. Qf1 Rab8 19. f4 Nd4 20. b3 b5 21. Kh2 b4 22. Ne2 Rb6 23. Qf2 Nxe2 24. Rxe2 f6 25. Rd1 Qe7 26. Nf1 Bc8 27. Red2 Ne6 28. Rd3 Kh8 29. Qd2 f5 30. exf5 Rxf5 31. Rxd6 Nd4 32. Bxd4 Bxd4 33. Rxd4 cxd4 34. Qxd4+ Qg7 35. Ne3 Ra5 36. Qd8+ Qg8 37. Qc7 1-0

[Event "Heraklio op"]
[Site "Heraklion"]
[Date "2004.06.11"]
[Round "6.15"]
[White "Koliopoulos, Konstantinos"]
[Black "Ntatsis, Georgios"]
[Result "0-1"]
[WhiteElo "2155"]
[BlackElo "2029"]
[PlyCount "70"]
[EventDate "2004.??.??"]
[EventType "swiss"]
[EventRounds "9"]
[EventCountry "GRE"]
[SourceTitle "EXT 2007"]
[Source "ChessBase"]
[SourceDate "2006.11.23"]
[SourceVersion "1"]
[SourceVersionDate "2006.11.23"]
[SourceQuality "1"]

1. d4 Nf6 2. c4 c5 3. d5 e6 4. Nc3 exd5 5. cxd5 d6 6. e4 g6 7. Bd3 Bg7 8. Nge2 0-0 9. 0-0 a6 10. a4 Re8 11. Rb1 Nbd7 12. h3 c4 13. Bc2 Nc5 14. Ng3 Rb8 15. Bg5 b5 16. axb5 axb5 17. Be3 b4 18. Bxc5 dxc5 19. Na4 b3 20. Nxc5 bxc2 21. Qxc2 Rb4 22. Na4 Nxe4 23. Nxe4 Rxe4 24. Qxe4 Bf5 25. Qe1 Rxa4 26. Ra1 Rxa1 27. Qxa1 Qxd5 28. Rd1 Bxb2 29. Qa4 Bd3 30. Qa2 Bf6 31. Re1 Kg7 32. Re8 Qc6 33. Rb8 Be5 34. Rd8 Qb6 35. Rc8 Qb3 0-1

[Event "Ambelokipi op 55th"]
[Site "Athens"]
[Date "2004.??.??"]
[Round "5"]
[White "Tassopoulos, Marios"]
[Black "Koliopoulos, Konstantinos"]
[Result "1/2-1/2"]
[WhiteElo "2230"]
[BlackElo "2155"]
[PlyCount "29"]
[EventDate "2004.10.18"]
[EventType "swiss"]
[EventRounds "9"]
[EventCountry "GRE"]
[SourceTitle "EXT 2007"]
[Source "ChessBase"]
[SourceDate "2006.11.23"]
[SourceVersion "1"]
[SourceVersionDate "2006.11.23"]
[SourceQuality "1"]

1. e4 e5 2. Nf3 Nc6 3. d4 exd4 4. Bc4 Bc5 5. c3 Nf6 6. e5 d5 7. Bb5 Ne4 8. cxd4 Bb6 9. Nc3 0-0 10. Be3 Bg4 11. Bxc6 bxc6 12. Qc2 Ba5 13. Nd2 Bxc3 14. bxc3 Bf5 15. Qa4 1/2-1/2